000 00484nam a2200169 i 4500
001 100980
003 ES-MaACL
005 20250828063249.0
007 t|
008 051010s1911 fr ||||1| fre d
100 1 _aMauclair, Camille,
_d1872-1945
_979178
245 1 0 _aFlorence /
_cCamille Mauclair.
260 _aParis :
_b[s.n.],
_c1911 (
_fSociété Amonyme des Arts Graphiques)
300 _a150 p. ;
_c31 cm.
852 _aES-MaACL
_jB-2142
999 _c100980
_d100980